Statistics for Survivor Resurrection

Click here to take the quiz!

General Stats

  • This quiz has been taken 13 times
    (12 since last reset)
  • The average score is 9 of 11

Answer Stats

Answer% Correct
Chris Underwood
100%
Natalie Anderson
100%
Ozzy Lusth
100%
Tyson Apostol
100%
Laura Morett
80%
Rick Devens
80%
Tina Wesson
80%
Andrea Boehlke
60%
Lillian Morris
60%
Matt Elrod
60%
Burton Roberts
40%

Score Distribution

Percentile by Number Answered

Percent of People with Each Score

Your Score History

You have not taken this quiz since the last reset